000 01144nam a2200301Ia 4500
003 OSt
005 20230623103831.0
008 210210b2007 xxu||||| |||| 00| 0 eng d
020 _a9781846040177
040 _cAL
041 _aeng
082 _a824.914
_223
_bTULI
100 _aMark Tully
_9124627
245 _aIndias Unending Journey:
_bFinding balance in a time of change
260 _aLondon
_bRider books
_c2007
300 _ax,278p.
_bHB
_c22x14cm.
520 _aSir Mark Tully is one of the world's leading writers and broadcasters on India, and the presenter of the much loved radio programme 'Something Understood'. This work reveals the profound impact India has had on his life and beliefs. Through interviews and anecdotes, it embarks on a journey that takes in the various faces of India.
650 _aPuri Exploring the Opposistes
_9124628
650 _aMarlborough
_9124629
650 _aDelhi
_9124630
650 _aMaynooth
_9124631
650 _aGurgaon
_9124632
650 _aDarjeeling
_9124633
690 _aEnglish Prose
_9124634
700 _aTULLY (Mark)
_9124627
906 _a062168
942 _2ddc
_cBK
999 _c116933
_d116933